01280nam a22002297a 45000010005000000030006000050050017000110080041000280200018000690400029000870500012001160820014001281000021001422450063001632500025002262600041002513000054002925050008003465200656003545210020010105210020010306324FISKH20250422101117.0250422b cb ||||| |||| 00| 0 eng d a9780340803301 aFISKHbengcFISKHdFISKH aE77.4 W a970.00497 aWhittock, Martyn aThe native peoples of North America /cBy Martyn Whittock  aFirst published 2002 aLondon : bHodder Education ,c2002. a46 pages : bcolor illustrations, maps ;c28 cm . aX  aThis title is an essential and unique Key Stage 3 resource for teaching and learning about the factors that characterise the history and rich cultural diversity of different North American tribes. It never lets go of the period's story, providing innovative and exciting opportunities to examine the Big Picture and Investigate particular topics. Did you know that in 1800 there were about 50 million buffalo in North America, but that by 1900 there were only about 1,000 (almost all had been killed by European hunters); that the only survivor of 'Custer's Last Stand' was a horse called Commanche; or that the last Shoshone raids took place in 1915?8 a890 bLexile 8 aX bRaz-Plus